Efficient chemical treatment on quality of natural rubber (Record no. 58426)

MARC details
000 -LEADER
fixed length control field 00471nam a2200145Ia 4500
100 ## - MAIN ENTRY--AUTHOR NAME
Personal name Alex R
245 #0 - TITLE STATEMENT
Title Efficient chemical treatment on quality of natural rubber
260 ## - PUBLICATION, DISTRIBUTION, ETC. (IMPRINT)
Name of publisher Placrosym XII, 1996, Kottayam, India. Developments in Plantation Crops Research, pp. 310-316.
Year of publication 1998
650 ## - SUBJECT ADDED ENTRY--TOPICAL TERM
Topical Term Chemical treatment
650 ## - SUBJECT ADDED ENTRY--TOPICAL TERM
Topical Term Natural rubber
700 ## - ADDED ENTRY--PERSONAL NAME
Personal name Geethakumariamma M L
700 ## - ADDED ENTRY--PERSONAL NAME
Personal name Kuriakose B
942 ## - ADDED ENTRY ELEMENTS (KOHA)
Koha item type Journals
Holdings
Withdrawn status Lost status Damaged status Not for loan Home library Current library Shelving location Date acquired Koha item type
      Journals RRII Library RRII Library Rubber chemistry 14/06/1999 Journals